Statistiques concernant Les compositeurs allemand de musique classique

Cliquez ici pour prendre le quiz!

Statistiques générales

  • Ce quiz a été pris 67 fois
  • Le résultat moyen est 6 sur 9

Statistiques - réponses

OeuvreCompositeur% Correct
Moonlight sonata : 1st movement, Moonlight sonata : 3rd movement, Symphony No. 5, Symphony No. 9 : Odd to joy, Für Elise, Symphony No. 7in A major Op. 92, Symphony No. 3 Op. 55 : Eroica.Ludwig Van Beethoven
100%
Ride of the valkyries.Richard Wagner
84%
Air on the G string, Tocacata and fugue in D minor, Cello suites in G major No. 1, The well-tempered clavier.Jean Sebastien Bach
81%
Sarabande, Messiah, Water music.George Friedrich Haendel
63%
Orphée aux enfers : Galop infernal, Les contes d'Hoffman : Bracarolle.Jacques Offenbach
63%
Hungarian dance No. 5, Symphony No. 3 in F major, Symphony No. 1 in C minor Op. 68, Symphony No. 4 Op. 98.Johannes Brahms
58%
CanonJohann Pachelbel
54%
A midsummer night's dream : Wedding march, Lieder ohne worte (song without words) Op. 30 No. 7, Violin concerto in E minor Op. 64.Félix Mendelssohn
47%
Kinderszenen : Träumerei, Carnaval Op. 9 No. 12.Robert Schumann
46%

Distribution des résultats

Percentile par nombre de réponses

% des personnes avec chaque résultat

Votre développement - résultats

Vous n’avez pas pris ce quiz